|
|
|
|
| LEADER |
01261ppm a22003138a 4500 |
| 001 |
00027129 |
| 008 |
111006s2009 ||||||viesd |
| 005 |
20171026081025.0 |
| 041 |
0 |
# |
|a vie
|
| 082 |
1 |
4 |
|b TH107NG
|a 398.909 597
|
| 100 |
1 |
# |
|a Võ, Thị Thu
|
| 245 |
1 |
0 |
|a Thành ngữ, tục ngữ trong phú tiếng việt
|b Khóa luận tốt nghiệp : Ngành Sư phạm ngữ văn: Trình độ : Đại học
|c Võ Thị Thu; Trần Hoàng Anh hướng dẫn
|
| 260 |
# |
# |
|a Đồng Tháp
|b Trường Đại học Đồng Tháp
|c 2009
|
| 300 |
# |
# |
|a 91 tr.
|c 30 cm.
|e 1 bản tóm tắt
|b bảng
|
| 500 |
# |
# |
|a ĐTTTS ghi: Bộ Giáo dục và Đào tạo. Trường Đại học Đồng Tháp
|
| 502 |
# |
# |
|a Thư mục : tr. 90 - 91
|
| 650 |
|
|
|a Văn học dân gian
|z Việt Nam
|
| 653 |
# |
# |
|a Phú
|
| 653 |
# |
# |
|a Thành ngữ
|
| 653 |
# |
# |
|a Tiếng Việt
|
| 653 |
# |
# |
|a Tục ngữ
|
| 700 |
1 |
# |
|a Trần, Hoàng Anh
|e hướng dẫn
|
| 852 |
# |
# |
|b Kho đọc
|j KD.0011726, KD.0013974
|
| 852 |
# |
# |
|j KD.0011726
|j KD.0013974
|
| 910 |
# |
# |
|a Ntuyet
|d 06/10/2011
|
| 980 |
# |
# |
|a Trung tâm Học liệu Lê Vũ Hùng, Trường Đại học Đồng Tháp
|